| 000 | 00677nam a22001697a 4500 | ||
|---|---|---|---|
| 999 |
_c17432 _d17432 |
||
| 008 | 221018b ||||| |||| 00| 0 eng d | ||
| 020 | _a9786214181322 | ||
| 082 |
_22022 _aDFil 363.2565 _bC140 |
||
| 100 |
_aCamara, Richard T. _946403 |
||
| 245 |
_aQuestioned documents examination : _ban instructional materials for criminology students with laboratory manual / _cRichard T. Camara. |
||
| 250 | _aSecond edition. | ||
| 260 |
_aQuezon City : _bWiseman's Books Trading., Inc., _c©2022. |
||
| 300 |
_axiii, 310 pages : _billustrations ; _c27 cm. |
||
| 650 |
_aWriting _xIdentification. _946404 |
||
| 650 |
_aCriminology _xLaboratory manuals, etc. _946405 |
||
| 942 |
_2ddc _cDFIL |
||